Pride and Prejudice Characters - Statistics

General Stats
  • This quiz has been taken 421 times
  • The average score is 13 of 16
Answer Stats
Hint Answer % Correct
"Ardently admire[s] and love[s]" the main character, despite her intial disfavour. Mr. Darcy
99%
Has "fine eyes", and a much admire wit. Elizabeth Bennet
97%
"Smiles too much", or so her detractors claim. Jane Bennet
97%
Is a "thoughtless, thoughtless" girl, especially when choosing a husband. Lydia Bennet
94%
"Would not be so fastidious" as his best friend, "for a kingdom!" Consequently throws lots of parties. Mr. Bingley
93%
Believes "loss of virtue in a female is irretrievable - that one false step involves her in endless ruin". Nonetheless remains single. Mary Bennet
91%
Sometimes amuses himself with "suggesting and arranging such little elegant compliments as may be adapted to ordinary occasions" Mr. Collins
90%
Believes "happiness in marriage is entirely a matter of chance…It is better to know as little as possible of the defects of the person with whom you are to pass your life" Charlotte Lucas
88%
"A woman of mean understanding, little information, and uncertain temper." Mrs. Bennet
88%
A man "blessed with such happy manners as may ensure his making friends— [but] whether he may be equally capable of retaining them, is less certain." Mr. Wickham
88%
Persuades the main character to "take a turn about the room" with her. Miss Bingley
87%
"So odd a mixture of quick parts, sarcastic humour, reserve, and caprice..." Mr. Bennet
84%
An "accomplished girl" who "plays and sings all day long". Georgiana Darcy
83%
She is all "affability and condescension" but is almost exclusively condescending. Lady Catherine de Bourgh
73%
Relations of the main character "for whom there [is] no need to blush" Mr. and Mrs. Gardiner
41%
He "suffer[s] from want of money." Believes "younger sons cannot marry where they like" Colonel Fitzwilliam
39%
No matching quizzes found
Score Distribution
Percent of People with Each Score
Percentile by Number Answered
Your Score History
You have not taken this quiz